Evaluation of the innovation practices of teaching in the colleges of education (Record no. 13832)

MARC details
000 -LEADER
fixed length control field 00453nam a2200157Ia 4500
082 ## - DEWEY DECIMAL CLASSIFICATION NUMBER
Classification number TG.0224
100 ## - MAIN ENTRY--AUTHOR NAME
Personal name Gupta, B.C.
245 #0 - TITLE STATEMENT
Title Evaluation of the innovation practices of teaching in the colleges of education
260 ## - PUBLICATION, DISTRIBUTION, ETC. (IMPRINT)
Year of publication 1981
Name of publisher Nagpur University
300 ## - PHYSICAL DESCRIPTION
Number of Pages 171p. + C D - 36
650 ## - SUBJECT ADDED ENTRY--TOPICAL TERM
Topical Term TEACHING
650 ## - SUBJECT ADDED ENTRY--TOPICAL TERM
Topical Term EDUCATIONAL INNOVATIONS - RAJASTHAN
650 ## - SUBJECT ADDED ENTRY--TOPICAL TERM
Topical Term TEACHERS COLLEGES - RAJASTHAN
710 ## - ADDED ENTRY--CORPORATE NAME
Corporate name or jurisdiction name as entry element Kundley, M.B.
942 ## - ADDED ENTRY ELEMENTS (KOHA)
Koha item type Thesis
Source of classification or shelving scheme Dewey Decimal Classification
Holdings
Withdrawn status Lost status Damaged status Not for loan Home library Current library Date acquired Bill Date Full call number Accession Number Price effective from Koha item type
        NASSDOC Library NASSDOC Library 08/10/2004 2004-10-22 TG.0224 16021 18/04/2019 Thesis